|
|
|
|
| LEADER |
01579nam a2200325 a 4500 |
| 001 |
3015634 |
| 008 |
091217s1995 nyua b 001 0 eng d |
| 999 |
|
|
|c 6193
|d 6193
|
| 010 |
|
|
|a 94031497
|
| 020 |
|
|
|a 0801481899 (pbk. : alk. paper)
|
| 020 |
|
|
|a 0801430011 (alk. paper)
|
| 040 |
|
|
|a DLC
|c DLC
|d DLC
|d BD-DhAAL
|
| 082 |
0 |
0 |
|a 363.88083
|2 20
|
| 245 |
0 |
0 |
|a Child growth and nutrition in developing countries :
|b priorities for action /
|c edited by Per Pinstrup-Andersen, David Pelletier and Harold Alderman.
|
| 260 |
|
|
|a Ithaca :
|b Cornell University Press,
|c 1995.
|
| 300 |
|
|
|a viii, 447 p. :
|b ill. ;
|c 23 cm.
|
| 490 |
0 |
|
|a Food systems and agrarian change
|
| 504 |
|
|
|a Includes bibliographical references (p. 373-434) and index.
|
| 541 |
1 |
|
|e 00012546
|
| 650 |
0 |
0 |
|a Nutrition policy
|x Developing countries.
|9 31048
|
| 650 |
|
0 |
|a Children
|x Nutrition
|x Developing countries.
|9 31049
|
| 650 |
|
0 |
|a Women
|x Nutrition
|x Developing countries.
|9 31050
|
| 650 |
|
0 |
|a Children
|x Developing countries
|x Growth.
|9 31051
|
| 700 |
1 |
|
|a Pinstrup-Andersen, Per.
|9 31052
|
| 700 |
1 |
|
|a Pelletier, David L.
|9 31053
|
| 700 |
1 |
|
|a Alderman, Harold,
|d 1948-
|9 31054
|
| 852 |
4 |
|
|a Ayesha Abed Library
|j General shelf
|
| 942 |
|
|
|2 ddc
|c BK
|
| 952 |
|
|
|0 0
|1 0
|2 ddc
|4 0
|6 363_880830000000000_CHI
|7 0
|9 6213
|a BRACUL
|b BRACUL
|c GEN
|d 2009-12-19
|g 0.00
|l 0
|o 363.88083 CHI
|p 3010012546
|r 2009-12-19
|t 1
|w 2009-12-19
|y BK
|x No price found in the accession register.
|
| 952 |
|
|
|0 0
|1 0
|2 ddc
|4 0
|6 363_880830000000000_CHI_1995
|7 0
|9 6217
|a BRACUL
|b BRACUL
|c GEN
|d 2009-12-19
|g 2350.00
|l 0
|o 363.88083 CHI
|p 3010005573
|r 2009-12-19
|t 2
|w 2009-12-19
|y BK
|